[Event "3. Campeonato de la Unión Europea"]
[Site "Arvier ITA"]
[Date "2007.06.20"]
[Round "6.6"]
[White "Baburin, Alexander"]
[Black "Brunello, Sabino"]
[Result "1/2-1/2"]
[WhiteElo "2545"]
[BlackElo "2454"]
[PlyCount "169"]
[EventDate "2007.06.15"]
[EventType "swiss"]
[EventRounds "10"]
[EventCountry "ITA"]
[Source "lmi"]
[SourceDate "2007.06.15"]

1. d4 Nf6 2. c4 e6 3. Nc3 Bb4 4. e3 d5 5. a3 Bxc3+ 6. bxc3 c5 7. cxd5 exd5 8.
Bd3 O-O 9. Ne2 b6 10. O-O Ba6 11. Bxa6 Nxa6 12. f3 Re8 13. Ng3 Nc7 14. a4 Qd7
15. Qd3 Ne6 16. Nf5 g6 17. Nh6+ Kg7 18. e4 cxd4 19. e5 Ng8 20. Nxg8 Kxg8 21.
cxd4 Rac8 22. Be3 Rc4 23. a5 b5 24. a6 Rec8 25. Ra2 Rc3 26. Qd2 b4 27. Ra5 b3
28. Rb1 Qc6 29. Rc5 Rxc5 30. dxc5 d4 31. Bh6 Qxa6 32. Rxb3 Nxc5 33. Rb1 Ne6 34.
f4 Qa3 35. f5 gxf5 36. Rf1 Qc3 37. Qd1 Qc2 38. Qh5 Rb8 39. Qxf5 Qxf5 40. Rxf5
a5 41. Rf3 a4 42. Ra3 Ra8 43. Kf2 f6 44. exf6 Kf7 45. Kf3 Kxf6 46. Ke4 Rd8 47.
Rf3+ Ke7 48. Bc1 Nc5+ 49. Ke5 Kd7 50. Kd5 Nb3 51. Bg5 Rc8 52. Rf7+ Ke8 53. Ra7
d3 54. Rxa4 d2 55. Bxd2 Rd8+ 56. Ke5 Nxd2 57. Ra7 Nc4+ 58. Kf6 Rd6+ 59. Kg7 h5
60. Ra4 Ne5 61. Ra8+ Ke7 62. Ra7+ Nd7 63. Ra5 Rd2 64. Kh6 Rxg2 65. Kxh5 Kf6 66.
Kh4 Ne5 67. Kh3 Rg8 68. Ra1 Nd3 69. Ra3 Nf4+ 70. Kh4 Rg2 71. Ra6+ Kg7 72. Ra3
Ng6+ 73. Kh3 Nf4+ 74. Kh4 Kh6 75. Rf3 Ng6+ 76. Kh3 Rg5 77. Rg3 Nf4+ 78. Kh4 Rb5
79. Kg4 Ng6 80. Rh3+ Kg7 81. Ra3 Ne5+ 82. Kg3 Kf6 83. h3 Kf5 84. Ra4 Ng6 85.
Ra3 1/2-1/2

[Event "3. Campeonato de la Unión Europea"]
[Site "Arvier ITA"]
[Date "2007.06.20"]
[Round "6.7"]
[White "Prie, Eric"]
[Black "Piscopo, Pierluigi"]
[Result "1/2-1/2"]
[WhiteElo "2513"]
[BlackElo "2392"]
[PlyCount "49"]
[EventDate "2007.06.15"]
[EventType "swiss"]
[EventRounds "10"]
[EventCountry "ITA"]
[Source "lmi"]
[SourceDate "2007.06.15"]

1. d4 Nf6 2. Nf3 g6 3. Bg5 Bg7 4. e3 O-O 5. Be2 d6 6. c4 Ne4 7. Bh4 c5 8. O-O
cxd4 9. exd4 Nc6 10. Re1 Qa5 11. Bd3 f5 12. Nc3 Nxc3 13. bxc3 e5 14. c5 e4 15.
Bc4+ Kh8 16. Ng5 dxc5 17. Nf7+ Rxf7 18. Bxf7 Qxc3 19. dxc5 Qxa1 20. Qxa1 Bxa1
21. Rxa1 Kg7 22. Bd5 Nb4 23. Bc4 Nd3 24. Bxd3 exd3 25. Rd1 1/2-1/2

[Event "3. Campeonato de la Unión Europea"]
[Site "Arvier ITA"]
[Date "2007.06.20"]
[Round "6.8"]
[White "Sulskis, Sarunas"]
[Black "Friedrich, Norbert"]
[Result "1-0"]
[WhiteElo "2533"]
[BlackElo "2317"]
[PlyCount "63"]
[EventDate "2007.06.15"]
[EventType "swiss"]
[EventRounds "10"]
[EventCountry "ITA"]
[Source "lmi"]
[SourceDate "2007.06.15"]

1. e4 c5 2. Nf3 e6 3. d4 cxd4 4. Nxd4 a6 5. Bd3 Nf6 6. O-O d6 7. c4 b6 8. Nc3
Bb7 9. f4 g6 10. Bc2 Nbd7 11. e5 dxe5 12. fxe5 Nxe5 13. Ba4+ Nfd7 14. Bf4 Bg7
15. Nxe6 fxe6 16. Qd6 Qe7 17. Bxe5 Qxd6 18. Bxd6 O-O-O 19. Be7 Rde8 20. Rf7
Bd4+ 21. Kh1 Rxe7 22. Rxe7 Nc5 23. Bd1 Nd3 24. Bf3 Nf2+ 25. Kg1 Ng4+ 26. Kf1
Nxh2+ 27. Ke2 Nxf3 28. gxf3 e5 29. Ne4 Bc6 30. Rh1 h6 31. b4 Kd8 32. Rg7 1-0

[Event "3. Campeonato de la Unión Europea"]
[Site "Arvier ITA"]
[Date "2007.06.20"]
[Round "6.9"]
[White "Cebalo, Miso"]
[Black "Borosova, Zuzana"]
[Result "1/2-1/2"]
[WhiteElo "2491"]
[BlackElo "2206"]
[PlyCount "169"]
[EventDate "2007.06.15"]
[EventType "swiss"]
[EventRounds "10"]
[EventCountry "ITA"]
[Source "lmi"]
[SourceDate "2007.06.15"]

1. d4 Nf6 2. c4 e6 3. Nc3 Bb4 4. f3 d5 5. a3 Bxc3+ 6. bxc3 c5 7. cxd5 Nxd5 8.
dxc5 Qa5 9. e4 Ne7 10. Be3 O-O 11. Qb3 Qc7 12. Bb5 Nec6 13. Nh3 Na5 14. Qb4
Nbc6 15. Qa4 e5 16. Nf2 Be6 17. Rb1 f6 18. O-O Qf7 19. Rfd1 Bc4 20. Bxc6 Nxc6
21. Rd6 a6 22. Nd1 Rad8 23. Bf2 Bb5 24. Qc2 Na5 25. Ne3 Nc4 26. Nxc4 Qxc4 27.
Qd2 Rc8 28. h4 Bc6 29. g4 Qf7 30. Kh2 Kh8 31. Be3 h5 32. Rg1 hxg4 33. Rxg4 Qh5
34. Qf2 Rc7 35. Qg3 Rcf7 36. f4 Bxe4 37. fxe5 f5 38. Rg5 Qe2+ 39. Qf2 Qxf2+ 40.
Bxf2 Re7 41. Bd4 f4 42. Kg1 Rf5 43. Rxf5 Bxf5 44. c6 bxc6 45. Rxc6 Re6 46. Rc8+
Kh7 47. Rf8 Rg6+ 48. Kf2 Be6 49. Rxf4 Rg4 50. Rxg4 Bxg4 51. Ke3 Be6 52. Bc5 Kg6
53. Kd4 Kf7 54. Bd6 Ke8 55. Kc5 g6 56. Kc6 Bc4 57. Bc5 Kf7 58. Kd6 Bb3 59. Bd4
Be6 60. Be3 Bb3 61. Bg5 Be6 62. Kc5 Ke8 63. Kb6 Bc4 64. e6 Bxe6 65. Kxa6 Kd7
66. a4 Kc6 67. a5 Bc4+ 68. Ka7 Kb5 69. Bd8 Kc6 70. Kb8 Ba6 71. Bb6 Bb5 72. Kc8
Ba6+ 73. Kd8 Kd6 74. Be3 Bd3 75. Bf4+ Kc6 76. Bc7 Bb5 77. Bb6 Kd6 78. Be3 Bd3
79. Bh6 Kc6 80. Bf8 Kb5 81. Bb4 Bc4 82. Kc7 Bd5 83. Kd6 Be4 84. Ke5 Bd3 85. Kd4
1/2-1/2

[Event "3. Campeonato de la Unión Europea"]
[Site "Arvier ITA"]
[Date "2007.06.20"]
[Round "6.10"]
[White "Castaldo, Folco"]
[Black "Likavsky, Tomas"]
[Result "0-1"]
[WhiteElo "2330"]
[BlackElo "2485"]
[PlyCount "54"]
[EventDate "2007.06.15"]
[EventType "swiss"]
[EventRounds "10"]
[EventCountry "ITA"]
[Source "lmi"]
[SourceDate "2007.06.15"]

1. d4 Nf6 2. c4 g6 3. Nc3 Bg7 4. e4 d6 5. f3 O-O 6. Be3 e5 7. Nge2 b6 8. Qd2 c5
9. d5 a6 10. Rb1 Ne8 11. g4 b5 12. cxb5 axb5 13. Nxb5 f5 14. gxf5 gxf5 15. Bg5
Bf6 16. Rg1 Kh8 17. Bxf6+ Qxf6 18. Qg5 Qf7 19. Qh6 fxe4 20. fxe4 Rxa2 21. Nxd6
Nxd6 22. Qxd6 Nd7 23. Bh3 Qf2+ 24. Kd2 Ba6 25. Rg2 Qf3 26. Ng3 Ra4 27. b3 Ra2+
0-1

[Event "3. Campeonato de la Unión Europea"]
[Site "Arvier ITA"]
[Date "2007.06.20"]
[Round "6.11"]
[White "Vocaturo, Daniele"]
[Black "Rombaldoni, Axel"]
[Result "1-0"]
[WhiteElo "2450"]
[BlackElo "2221"]
[PlyCount "69"]
[EventDate "2007.06.15"]
[EventType "swiss"]
[EventRounds "10"]
[EventCountry "ITA"]
[Source "lmi"]
[SourceDate "2007.06.15"]

1. e4 c5 2. Nf3 Nc6 3. d4 cxd4 4. Nxd4 e5 5. Nb5 d6 6. c4 Nf6 7. N1c3 a6 8. Na3
Be7 9. Be2 O-O 10. O-O Ne8 11. b3 Bg5 12. Bb2 Ne7 13. Nc2 Bd7 14. a4 Bc6 15.
Qd3 Ng6 16. g3 f5 17. exf5 Nf4 18. gxf4 Bxf4 19. Bf3 Qg5+ 20. Kh1 Qh4 21. Bd5+
Kh8 22. h3 Bd7 23. Be4 Nf6 24. Bg2 Nh5 25. Ne3 Ng3+ 26. fxg3 Qxg3 27. Rxf4 exf4
28. Qxd6 Bc6 29. Ncd5 Rad8 30. Qxf4 Qxf4 31. Nxf4 Bxg2+ 32. Nfxg2 Rd3 33. b4
Rb3 34. Be5 Re8 35. Rd1 1-0

[Event "3. Campeonato de la Unión Europea"]
[Site "Arvier ITA"]
[Date "2007.06.20"]
[Round "6.13"]
[White "Makka, Ioulia"]
[Black "Calzetta, Monica"]
[Result "1/2-1/2"]
[WhiteElo "2185"]
[BlackElo "2340"]
[PlyCount "26"]
[EventDate "2007.06.15"]
[EventType "swiss"]
[EventRounds "10"]
[EventCountry "ITA"]
[Source "lmi"]
[SourceDate "2007.06.15"]

1. e4 c5 2. c4 Nc6 3. g3 g6 4. Bg2 Bg7 5. Ne2 e6 6. Nbc3 Nge7 7. d3 O-O 8. O-O
a6 9. a3 Rb8 10. Rb1 b5 11. cxb5 axb5 12. b4 cxb4 13. axb4 d5 1/2-1/2

[Event "3. Campeonato de la Unión Europea"]
[Site "Arvier ITA"]
[Date "2007.06.20"]
[Round "6.14"]
[White "Bruno, Fabio"]
[Black "Bashkite, Viktoria"]
[Result "1-0"]
[WhiteElo "2428"]
[BlackElo "2202"]
[PlyCount "175"]
[EventDate "2007.06.15"]
[EventType "swiss"]
[EventRounds "10"]
[EventCountry "ITA"]
[Source "lmi"]
[SourceDate "2007.06.15"]

1. d4 Nf6 2. Bf4 e6 3. e3 d5 4. Nd2 c5 5. c3 Qb6 6. Qb3 Bd7 7. Ngf3 Nc6 8. h3
c4 9. Qc2 Rc8 10. Be2 Ne7 11. Ne5 Ng6 12. Bg3 Bd6 13. O-O Qc7 14. f4 b5 15. e4
Bxe5 16. fxe5 Nxe4 17. Nxe4 dxe4 18. Kh2 h5 19. Qxe4 Bc6 20. Qe3 Qb7 21. Rf2
Rc7 22. Raf1 h4 23. Bf4 Ne7 24. Bg4 Be4 25. Bg5 Nf5 26. Qf4 g6 27. Re1 Bd5 28.
Bf6 Rh7 29. Bxf5 gxf5 30. Qg5 Kf8 31. Rf4 Rc8 32. Re3 b4 33. Rxh4 Rxh4 34. Qg7+
Ke8 35. Qg8+ Kd7 36. Qxf7+ Kc6 37. Qxb7+ Kxb7 38. Bxh4 b3 39. axb3 cxb3 40. Rg3
Rc7 41. Bf6 a5 42. Rg7 a4 43. Rxc7+ Kxc7 44. Be7 Kd7 45. Ba3 Ke8 46. h4 Kf7 47.
Kh3 Kg6 48. g4 Bc4 49. h5+ Kg5 50. Be7+ Kf4 51. gxf5 Kxf5 52. Kh4 Bd5 53. Ba3
Bc4 54. Bf8 Bd3 55. Be7 Be4 56. Kg3 Bd5 57. Kf2 Kf4 58. Ba3 Kg5 59. Ke3 Bc4 60.
d5 exd5 61. Kd4 Kxh5 62. e6 Kg6 63. Ke5 Kg7 64. Bb4 Kg8 65. Kf6 Bb5 66. Ba3 Be8
67. Ke7 Bb5 68. Kf6 Be8 69. Ke5 Bc6 70. Kd6 Bb7 71. Bb4 Ba6 72. Kxd5 Kg7 73.
Ke5 Bc4 74. Ba3 Kg6 75. Be7 Kg7 76. Bb4 Kg6 77. Bf8 Kg5 78. Ba3 Kg6 79. Kd6 Kf6
80. e7 Kf7 81. Kc5 Be6 82. Kb5 Bd7+ 83. Kb6 Ke6 84. c4 Be8 85. Kc7 Kf6 86. Kd6
Kf7 87. Bb4 Kf6 88. c5 1-0

[Event "3. Campeonato de la Unión Europea"]
[Site "Arvier ITA"]
[Date "2007.06.20"]
[Round "6.15"]
[White "Cazzaniga, Walter"]
[Black "Zimina, Olga"]
[Result "0-1"]
[WhiteElo "2174"]
[BlackElo "2377"]
[PlyCount "50"]
[EventDate "2007.06.15"]
[EventType "swiss"]
[EventRounds "10"]
[EventCountry "ITA"]
[Source "lmi"]
[SourceDate "2007.06.15"]

1. d4 d5 2. c4 e6 3. Nc3 c6 4. Nf3 dxc4 5. e3 b5 6. a4 Bb4 7. Bd2 a5 8. axb5
Bxc3 9. Bxc3 cxb5 10. b3 Bb7 11. bxc4 b4 12. Bb2 Nf6 13. Bd3 O-O 14. O-O Nbd7
15. c5 Bc6 16. Bc2 Qc7 17. Ba4 Rfd8 18. Qe2 Ne4 19. Rfc1 Bxa4 20. Rxa4 Ndf6 21.
Nd2 Nxd2 22. Qxd2 Ng4 23. g3 Ne5 24. Qe2 Qc6 25. Rca1 Nf3+ 0-1

[Event "3. Campeonato de la Unión Europea"]
[Site "Arvier ITA"]
[Date "2007.06.20"]
[Round "6.16"]
[White "Sorcinelli, Francesco"]
[Black "Rombaldoni, Denis"]
[Result "1/2-1/2"]
[WhiteElo "2131"]
[BlackElo "2368"]
[PlyCount "170"]
[EventDate "2007.06.15"]
[EventType "swiss"]
[EventRounds "10"]
[EventCountry "ITA"]
[Source "lmi"]
[SourceDate "2007.06.15"]

1. e4 c5 2. Nf3 e6 3. Nc3 a6 4. g3 b5 5. d4 cxd4 6. Nxd4 Bb7 7. Bg2 Nf6 8. O-O
b4 9. Nd5 exd5 10. exd5 Bc5 11. Re1+ Kf8 12. Nf5 d6 13. Bf4 Bc8 14. Nd4 h6 15.
h3 g6 16. a3 bxa3 17. Rxa3 Bxa3 18. bxa3 Kg7 19. Qd2 Bb7 20. c4 Qc7 21. Qb2 Bc8
22. c5 Qxc5 23. Rc1 Qa5 24. Bxd6 Nbd7 25. Bc7 Qa4 26. d6 Rb8 27. Bxb8 Nxb8 28.
Qxb8 Qxd4 29. Rxc8 Rxc8 30. Qxc8 Qxd6 31. Qc3 Qb6 32. Bf3 a5 33. Kg2 Kh7 34.
Qc6 Qd8 35. Qa8 Qd2 36. Qf8 Qd7 37. Qc5 Qd8 38. h4 h5 39. Qe5 Ne8 40. Be4 Nf6
41. Bf3 Qb6 42. Qe7 Kg7 43. Qe5 Kg8 44. Qg5 Kh7 45. Qe5 Kg7 46. Qg5 Qc7 47. Qe3
Kf8 48. Qg5 Qc3 49. Qf4 Kg7 50. Qd6 Ng8 51. a4 Nf6 52. Qc6 Qd2 53. Qb7 Qd4 54.
Qb5 Qc3 55. Qc6 Qe1 56. Qb7 Qe5 57. Qb5 Qe1 58. Qb7 Qd2 59. Qc6 Qd8 60. Qb7 Qd6
61. Qc6 Qb4 62. Qb5 Qxb5 63. axb5 Nd7 64. Bd5 Nb6 65. Ba2 f5 66. f4 Kf6 67. Kf3
Ke7 68. Ke3 Kd6 69. Kd4 Nd7 70. Bf7 a4 71. Bxg6 a3 72. Kc3 Kc5 73. Bxh5 Kxb5
74. Bg6 Nf6 75. Bxf5 Kc5 76. Bg6 a2 77. Kb2 Kd4 78. h5 Ng4 79. Bf5 Nh6 80. Be6
Ke4 81. Kxa2 Kf3 82. g4 Kxf4 83. Kb3 Kg5 84. Kc3 Kf6 85. Bc8 Nxg4 1/2-1/2

[Event "3. Campeonato de la Unión Europea"]
[Site "Arvier ITA"]
[Date "2007.06.20"]
[Round "6.17"]
[White "Foisor, Sabina Francesca"]
[Black "Brauer, Christian"]
[Result "1-0"]
[WhiteElo "2333"]
[BlackElo "2132"]
[PlyCount "79"]
[EventDate "2007.06.15"]
[EventType "swiss"]
[EventRounds "10"]
[EventCountry "ITA"]
[Source "lmi"]
[SourceDate "2007.06.15"]

1. d4 d5 2. c4 c6 3. e3 Nf6 4. Nc3 Bf5 5. cxd5 cxd5 6. Qb3 Bc8 7. Nf3 e6 8. Bd2
Be7 9. Bb5+ Nc6 10. Rc1 O-O 11. O-O Bd7 12. Bxc6 Bxc6 13. Ne5 Rb8 14. a3 Be8
15. f3 Nd7 16. Nd3 Nb6 17. Rc2 Nc4 18. Bc1 b5 19. Qa2 a5 20. b3 Nb6 21. Ne2 a4
22. e4 axb3 23. Qxb3 Nc4 24. Nb4 dxe4 25. fxe4 Ra8 26. Kh1 Qa5 27. Rc3 Bd7 28.
d5 Rfc8 29. Rcf3 Bf6 30. Rxf6 gxf6 31. Rxf6 Qc7 32. Qh3 exd5 33. Qh5 Nd6 34.
Bh6 Kh8 35. Bf4 Rxa3 36. h3 Qc4 37. Rh6 Qxe4 38. Be5+ Kg8 39. Qg5+ Kf8 40.
Bxd6+ 1-0

[Event "3. Campeonato de la Unión Europea"]
[Site "Arvier ITA"]
[Date "2007.06.20"]
[Round "6.18"]
[White "Dubois, Martine"]
[Black "Cocchi, Andrea"]
[Result "0-1"]
[WhiteElo "2092"]
[BlackElo "2321"]
[PlyCount "86"]
[EventDate "2007.06.15"]
[EventType "swiss"]
[EventRounds "10"]
[EventCountry "ITA"]
[Source "lmi"]
[SourceDate "2007.06.15"]

1. e4 e5 2. Nf3 Nc6 3. Nc3 Nf6 4. g3 Bc5 5. Bg2 d6 6. O-O a6 7. h3 Be6 8. d3 h6
9. Be3 Bxe3 10. fxe3 d5 11. exd5 Nxd5 12. Nxd5 Bxd5 13. Nh4 Bxg2 14. Kxg2 O-O
15. Nf5 Kh7 16. e4 Nd4 17. Qd2 Ne6 18. h4 f6 19. Rf2 Rf7 20. Raf1 Qf8 21. Ne3
Qc5 22. Ng4 Raf8 23. c3 h5 24. Ne3 g6 25. Qe2 Kg8 26. Kh2 c6 27. Qd2 Qe7 28.
Ng2 Kh7 29. Rf3 Ng7 30. Qf2 Ne8 31. Ne3 Qe6 32. b3 Rd7 33. Nc2 Kg7 34. Qe2 Nd6
35. Re3 Nf7 36. Ref3 Nh6 37. d4 Re7 38. Re1 Rfe8 39. dxe5 Ng4+ 40. Kh1 Nxe5 41.
Rf4 Qh3+ 42. Qh2 Qxh2+ 43. Kxh2 Nd3 0-1

[Event "3. Campeonato de la Unión Europea"]
[Site "Arvier ITA"]
[Date "2007.06.20"]
[Round "6.19"]
[White "Vezzosi, Paolo"]
[Black "Raineri, Valerio"]
[Result "1-0"]
[WhiteElo "2287"]
[BlackElo "2123"]
[PlyCount "75"]
[EventDate "2007.06.15"]
[EventType "swiss"]
[EventRounds "10"]
[EventCountry "ITA"]
[Source "lmi"]
[SourceDate "2007.06.15"]

1. d4 Nf6 2. c4 g6 3. Nc3 Bg7 4. e4 d6 5. Be2 O-O 6. Be3 e5 7. Nf3 h6 8. dxe5
dxe5 9. Qc2 Nfd7 10. Rd1 c6 11. O-O Qe7 12. Na4 Na6 13. c5 Nc7 14. Rd6 Ne8 15.
Rdd1 f5 16. b4 f4 17. Bc1 g5 18. Nd2 Ndf6 19. Bb2 g4 20. Qc3 Nh7 21. Rfe1 Ng5
22. f3 g3 23. hxg3 fxg3 24. Nf1 Ne6 25. Bc4 Qh4 26. Qb3 N8c7 27. Nc3 Kh8 28.
Ne2 Bf6 29. Rd6 Re8 30. Nfxg3 Rg8 31. Kf2 Nd4 32. Bxd4 Rxg3 33. Nxg3 exd4 34.
Rh1 Qf4 35. Ne2 Qg5 36. f4 Qg6 37. e5 Ne8 38. Bf7 1-0

[Event "3. Campeonato de la Unión Europea"]
[Site "Arvier ITA"]
[Date "2007.06.20"]
[Round "6.20"]
[White "Tocchioni, Doriano"]
[Black "Bonugli, Carlo"]
[Result "1-0"]
[WhiteElo "2247"]
[BlackElo "2091"]
[PlyCount "77"]
[EventDate "2007.06.15"]
[EventType "swiss"]
[EventRounds "10"]
[EventCountry "ITA"]
[Source "lmi"]
[SourceDate "2007.06.15"]

1. d4 Nf6 2. Nf3 g6 3. Bg5 Bg7 4. Nbd2 d5 5. e3 O-O 6. Bd3 c5 7. c3 Nbd7 8. O-O
b6 9. b4 Bb7 10. Qb1 cxd4 11. cxd4 h6 12. Bh4 g5 13. Bg3 Nh5 14. h4 Nxg3 15.
fxg3 Qc7 16. Rc1 Qxg3 17. Nf1 Qd6 18. hxg5 e5 19. Bh7+ Kh8 20. Bf5 e4 21. gxh6
Bxh6 22. N3h2 Nf6 23. Qb2 Rg8 24. b5 a6 25. a4 axb5 26. axb5 Bf8 27. Rxa8 Bxa8
28. Qf2 Rg5 29. Bc8 Be7 30. Ba6 Rg8 31. Qh4+ Nh7 32. Qh3 Qb8 33. Ng4 Bb7 34.
Nh6 Rg7 35. Qd7 Ng5 36. Kf2 Bxa6 37. bxa6 Qd6 38. Qxd6 Bxd6 39. a7 1-0

[Event "3. Campeonato de la Unión Europea"]
[Site "Arvier ITA"]
[Date "2007.06.20"]
[Round "6.21"]
[White "Agrest, Inna"]
[Black "Schaefer, Michael"]
[Result "0-1"]
[WhiteElo "2069"]
[BlackElo "2228"]
[PlyCount "66"]
[EventDate "2007.06.15"]
[EventType "swiss"]
[EventRounds "10"]
[EventCountry "ITA"]
[Source "lmi"]
[SourceDate "2007.06.15"]

1. e4 c5 2. Nf3 g6 3. d4 cxd4 4. Nxd4 Bg7 5. c4 Nc6 6. Nc2 d6 7. Nc3 Bxc3+ 8.
bxc3 Nf6 9. f3 Qa5 10. Bd2 Nd7 11. Be2 Nc5 12. O-O Be6 13. Ne3 g5 14. Qc2 Ne5
15. Rab1 Rg8 16. Rb4 Rc8 17. Kh1 b6 18. g3 Nc6 19. Rb5 Qa4 20. Qb1 Ne5 21. f4
gxf4 22. gxf4 Bxc4 23. Rb4 Bxe2 24. Rxa4 Bd3 25. Qd1 Nxa4 26. fxe5 Bxe4+ 27.
Rf3 Nxc3 28. Qf1 Nb1 29. Be1 Rc1 30. Ng2 Nd2 31. Qb5+ Kf8 32. Qd7 Bxf3 33. Qd8+
Kg7 0-1

[Event "3. Campeonato de la Unión Europea"]
[Site "Arvier ITA"]
[Date "2007.06.20"]
[Round "6.22"]
[White "Daulyte, Deimante"]
[Black "Tate, Alan"]
[Result "1-0"]
[WhiteElo "2224"]
[BlackElo "2058"]
[PlyCount "153"]
[EventDate "2007.06.15"]
[EventType "swiss"]
[EventRounds "10"]
[EventCountry "ITA"]
[Source "lmi"]
[SourceDate "2007.06.15"]

1. e4 c5 2. Nf3 d6 3. d4 Nf6 4. Nc3 cxd4 5. Nxd4 a6 6. Be2 e5 7. Nb3 Be7 8. O-O
O-O 9. Be3 Nbd7 10. a4 b6 11. Qd2 Bb7 12. f3 Rc8 13. Rfd1 Qc7 14. Nc1 Rfd8 15.
N1a2 d5 16. exd5 Nc5 17. Bc4 Ne6 18. b3 Nd4 19. Qf2 b5 20. axb5 axb5 21. Bxd4
bxc4 22. Bb6 Qb8 23. Kh1 Rd7 24. Ba7 Qa8 25. d6 Rxd6 26. Rxd6 Bxd6 27. Nb5 Bf8
28. Nac3 cxb3 29. cxb3 Bc6 30. Qf1 Qb7 31. Bg1 Ra8 32. Re1 e4 33. Nd4 exf3 34.
Nxc6 Qxc6 35. Qxf3 Qxf3 36. gxf3 Rb8 37. Rb1 h6 38. Bd4 Nh5 39. Ne4 Rb4 40. Bc3
Rb5 41. Bd2 Bb4 42. Bxb4 Rxb4 43. Nc3 Nf4 44. Na2 Rb6 45. b4 Nd5 46. Kg1 f5 47.
Kf2 Kf7 48. Ke1 g5 49. Kd2 Ke6 50. Kc2 Ra6 51. Nc1 Rc6+ 52. Kd2 Nc3 53. Ra1 Nb5
54. Ne2 Rc4 55. Ra5 Nd6 56. b5 Rh4 57. Kd3 Kd5 58. Nc3+ Kc5 59. Ra8 Rd4+ 60.
Kc2 Rc4 61. Kd3 Rd4+ 62. Kc2 Rh4 63. Rd8 Rxh2+ 64. Kb3 Rd2 65. Rd7 Rd3 66. Rc7+
Kb6 67. Rc6+ Kb7 68. Kb4 Rd4+ 69. Kc5 Rd3 70. Nd5 Nc8 71. Rxh6 Rxf3 72. Rh7+
Kb8 73. Nb4 Ra3 74. Nc6+ Ka8 75. Rc7 Na7 76. Nxa7 Rxa7 77. Kb6 1-0

[Event "3. Campeonato de la Unión Europea"]
[Site "Arvier ITA"]
[Date "2007.06.20"]
[Round "6.23"]
[White "Pantaleoni, Claudio"]
[Black "Fraser-Mitchell, Jeremy N"]
[Result "1-0"]
[WhiteElo "2219"]
[BlackElo "2084"]
[PlyCount "83"]
[EventDate "2007.06.15"]
[EventType "swiss"]
[EventRounds "10"]
[EventCountry "ITA"]
[Source "lmi"]
[SourceDate "2007.06.15"]

1. d4 f5 2. g3 Nf6 3. Bg2 g6 4. Nf3 Bg7 5. O-O O-O 6. c4 d6 7. Nc3 Qe8 8. d5 a5
9. Nd4 Na6 10. b3 Bd7 11. Bb2 c6 12. e3 Nc7 13. dxc6 bxc6 14. Na4 Rb8 15. c5 d5
16. Nb6 Ne4 17. Nxd7 Qxd7 18. Qc2 Na6 19. Rfc1 e5 20. Nf3 Qe7 21. a3 Rfc8 22.
Ne1 Nexc5 23. b4 axb4 24. axb4 Rxb4 25. Ba3 e4 26. Rab1 Rc4 27. Qe2 Rxc1 28.
Rxc1 Qa7 29. Bf1 Nb3 30. Qxa6 Qxa6 31. Bxa6 Rc7 32. Bd6 Nxc1 33. Bxc7 c5 34.
Bb6 d4 35. Bxc5 d3 36. Bb4 Bb2 37. Bc4+ Kg7 38. Kf1 Ne2 39. Bxd3 exd3 40. Nxd3
Nxg3+ 41. hxg3 Bf6 42. Bd6 1-0

[Event "3. Campeonato de la Unión Europea"]
[Site "Arvier ITA"]
[Date "2007.06.20"]
[Round "6.24"]
[White "Almond, Richard"]
[Black "Brancaleoni, Maurizio"]
[Result "1/2-1/2"]
[WhiteElo "2088"]
[BlackElo "2263"]
[PlyCount "44"]
[EventDate "2007.06.15"]
[EventType "swiss"]
[EventRounds "10"]
[EventCountry "ITA"]
[Source "lmi"]
[SourceDate "2007.06.15"]

1. d4 Nf6 2. c4 g6 3. Nf3 Bg7 4. Nc3 O-O 5. e4 d6 6. Be2 Nbd7 7. O-O e5 8. Qc2
c6 9. Rd1 Qe7 10. Bg5 h6 11. Bh4 g5 12. Bg3 Nh5 13. b4 Nf4 14. Bf1 Bf6 15. dxe5
dxe5 16. c5 Re8 17. Na4 Nf8 18. Nb2 N8e6 19. Bxf4 Nxf4 20. Nc4 g4 21. Nfd2 Ne6
22. Nd6 Nd4 1/2-1/2

[Event "3. Campeonato de la Unión Europea"]
[Site "Arvier ITA"]
[Date "2007.06.20"]
[Round "6.26"]
[White "Majer, Chris E"]
[Black "Agrest, Roman"]
[Result "1-0"]
[WhiteElo "2036"]
[BlackElo "2161"]
[PlyCount "59"]
[EventDate "2007.06.15"]
[EventType "swiss"]
[EventRounds "10"]
[EventCountry "ITA"]
[Source "lmi"]
[SourceDate "2007.06.15"]

1. e4 c5 2. d4 cxd4 3. c3 dxc3 4. Nxc3 d6 5. Nf3 a6 6. Bc4 e6 7. O-O b5 8. Bb3
Ra7 9. Be3 Rd7 10. Nd4 Bb7 11. f4 Nc6 12. Nxc6 Bxc6 13. f5 exf5 14. Rxf5 Nf6
15. Nd5 Be7 16. Rc1 Bxd5 17. Bxd5 Nxd5 18. Rxd5 O-O 19. e5 Bg5 20. Bxg5 Qxg5
21. exd6 Qe3+ 22. Kh1 Re8 23. Qd2 Qb6 24. Qd4 Qa5 25. Re5 Qd8 26. Rxe8+ Qxe8
27. h3 Kf8 28. Rc6 a5 29. Qc5 f6 30. Rc8 1-0

[Event "3. Campeonato de la Unión Europea"]
[Site "Arvier ITA"]
[Date "2007.06.20"]
[Round "6.27"]
[White "Norinkeviciute, Rasa"]
[Black "Pepino, Enrico"]
[Result "0-1"]
[WhiteElo "2048"]
[BlackElo "2153"]
[PlyCount "146"]
[EventDate "2007.06.15"]
[EventType "swiss"]
[EventRounds "10"]
[EventCountry "ITA"]
[Source "lmi"]
[SourceDate "2007.06.15"]

1. c4 g6 2. g3 Bg7 3. Bg2 c5 4. Nc3 Nc6 5. a3 d6 6. Rb1 a5 7. e3 h5 8. h3 Nh6
9. Nge2 O-O 10. O-O Bf5 11. d3 Kh7 12. Kh2 Rb8 13. Nb5 e5 14. e4 Be6 15. f4 f5
16. Nbc3 h4 17. Qe1 hxg3+ 18. Qxg3 Nd4 19. Nxd4 cxd4 20. Ne2 b5 21. cxb5 Rxb5
22. b4 axb4 23. axb4 d5 24. exd5 Bxd5 25. fxe5 Bxg2 26. Qxg2 Qb8 27. Bd2 Re8
28. Kh1 Bxe5 29. Nf4 Rg8 30. Ne6 Nf7 31. Ng5+ Nxg5 32. Qxg5 Qb7+ 33. Kg1 Rg7
34. Rbe1 Qe7 35. Qh6+ Kg8 36. Bg5 Qxb4 37. Rxe5 Rxe5 38. Bf6 Ree7 39. Qf4 Re1
40. Bxg7 Rxf1+ 41. Kxf1 Kxg7 42. Qe5+ Kf7 43. Qd5+ Kf6 44. Qd8+ Ke5 45. Qh8+
Kd5 46. Qa8+ Kc5 47. Qa7+ Qb6 48. Qa3+ Kc6 49. Qa4+ Kd6 50. Ke2 Ke7 51. Qa3+
Kf7 52. Kf2 Qc7 53. Kf3 g5 54. Qa2+ Kg7 55. Qa6 Qe7 56. Qc4 Qe5 57. Qa6 Qe3+
58. Kg2 Qe2+ 59. Kg1 Qe5 60. Kg2 f4 61. Kf3 Kf7 62. Qc4+ Kf6 63. Qc6+ Qe6 64.
Qb5 Qe3+ 65. Kg2 Qg3+ 66. Kf1 Qxh3+ 67. Kf2 Qe3+ 68. Kf1 f3 69. Qc6+ Kf5 70.
Qd5+ Qe5 71. Qd7+ Kf4 72. Qf7+ Kg3 73. Qa2 Qe2+ 0-1

[Event "3. Campeonato de la Unión Europea"]
[Site "Arvier ITA"]
[Date "2007.06.20"]
[Round "6.28"]
[White "Pipitone, Antonio"]
[Black "Pace, Colin"]
[Result "1/2-1/2"]
[WhiteElo "1994"]
[BlackElo "2146"]
[PlyCount "139"]
[EventDate "2007.06.15"]
[EventType "swiss"]
[EventRounds "10"]
[EventCountry "ITA"]
[Source "lmi"]
[SourceDate "2007.06.15"]

1. e4 c5 2. Nf3 g6 3. d4 Bg7 4. Nc3 cxd4 5. Nxd4 Nc6 6. Be3 Nf6 7. Be2 O-O 8.
f4 e5 9. Nxc6 dxc6 10. fxe5 Nd7 11. O-O Nxe5 12. Qxd8 Rxd8 13. Rad1 Rxd1 14.
Nxd1 Be6 15. b3 Ng4 16. Bxg4 Bxg4 17. Nf2 Be6 18. Nd3 Re8 19. a4 b6 20. a5 c5
21. axb6 axb6 22. Bf4 Bd4+ 23. Kh1 h5 24. h3 Bd7 25. Re1 Bc6 26. e5 Bd7 27. Bg5
Bf5 28. Bf6 Ra8 29. Rc1 Bc3 30. Rd1 Kf8 31. Kh2 Re8 32. Kg3 Bxd3 33. Rxd3 Bxe5+
34. Bxe5 Rxe5 35. Kf3 Ke7 36. c4 Re1 37. Kf2 Re6 38. Kf3 Rf6+ 39. Ke2 Rd6 40.
Rf3 Rd4 41. Re3+ Kd7 42. Rg3 Ke6 43. Re3+ Kf5 44. Rf3+ Rf4 45. Rd3 Re4+ 46. Kf2
f6 47. Rd6 Re6 48. Rd5+ Ke4 49. Ke2 Kf4+ 50. Kf2 h4 51. Rd3 g5 52. Rf3+ Ke5 53.
Re3+ Kd6 54. Rd3+ Kc7 55. Rf3 b5 56. cxb5 Kb6 57. g3 hxg3+ 58. Kxg3 Kxb5 59.
Kg4 Kb4 60. Kf5 Rb6 61. Ke4 Ka3 62. Kd5 Rxb3 63. Rxb3+ Kxb3 64. Kxc5 Kc3 65.
Kd5 f5 66. Ke5 f4 67. Ke4 Kd2 68. Kf3 Kd3 69. h4 gxh4 70. Kxf4 1/2-1/2